000 00325nam a2200109Ia 4500
008 230320s9999||||xx |||||||||||||| ||spa||
082 _a268.433/P85.4
100 _aComisión Catequística De La Prelatura De Yauyos
245 0 _aDios Llama A La Participación : Cuarto Grado De Secundaria
260 _bJalsa
942 _80
_cLIB
999 _c24266
_d24266